| 000 | 00668nam a2200193 a 4500 | ||
|---|---|---|---|
| 005 | 20250222063755.0 | ||
| 008 | 991125s1977 fr 000 0 fre u | ||
| 035 | _aUPN01000035472 | ||
| 049 | _aUNE | ||
| 050 | 4 |
_aLB2822.5 _bL9.3 |
|
| 100 | 1 |
_aLyons, Raymond F., _dm. 1990 _936049 |
|
| 245 | 1 | 2 |
_aL'inspection primaire au service de l'éducation / _cRaymond F. Lyons et Mervyn W. Pritchard. |
| 260 |
_aParís : _bUNESCO, Institut International de Planification de l'Education, _c1977. |
||
| 300 | _a152 p. | ||
| 650 | 4 |
_aEscuelas _xDirección y organización _9346 |
|
| 650 | 4 |
_aSupervisión escolar _94835 |
|
| 700 | 1 |
_aPritchard, Mervyn W., _ecoaut. |
|
| 905 | _aLibro | ||
| 999 |
_c35472 _d35472 |
||